Trouve les personnages de Station 19 avec leur description - Statistiques

Statistiques générales
  • Ce quiz a été pris 537 fois
  • Le résultat moyen est 12 sur 15
Statistiques - réponses
Hint Réponse % Correct
Ancienne capitaine de la Station 19. Elle a gagné les Jeux Olympiques de 2012 en athlétisme. Elle est mariée à un médecin Maya Bishop
99%
Fille de l'ancien capitaine de la Station 19. Elle est hispanique. Cette femme est désormais la nouvelle capitaine de la Station 19 Andy Herrera
96%
Le marrant de la caserne. Il a fait plusieurs dépressions. Il a eu beaucoup de relations depuis le début de la série Jack Gibson
92%
Ancien Anesthésiste, ancien interne en chirurgie. Il est maintenant pompier Ben Warren
91%
C'est une pompier qui avait peur du feu. Elle a été fiancée à un pompier qui est mort Vic Hughes
91%
C'est une italienne qui a perdu son frère et sa mère. Elle travaille au Grey Sloan Memorial Hospital. Elle est mariée à un pompier.. Carina DeLuca
90%
Ancien capitaine de la Station 19 décédé. Il a vu sa fille se marier avant de mourir. Pruitt Herrera
90%
Pompier très sérieux qui mort en laissant une fille derrière lui Dean Miller
86%
Ancien chef de bataillon qui a été marié deux fois. Robert Sullivan
84%
Elle travaille aussi au Grey Sloan depuis une bonne dizaine d'années. Elle a trois enfants : Une fille et deux garçons dont deux sont adoptés. Miranda Bailey
81%
Anciennement marié. Meilleur ami du 5ème personnage. C'est un ancien candidat pour la mairie de Seattle Travis Montgomery
80%
C'est un ancien policier qui est mort. Ex petit-ami du quatrième personnage. Lui et le troisième personnage ne s'appréciaient que très peu. Ryan Tanner
76%
C'est l'ancien capitaine de la station 54. C'est aussi un hispanique. Theo Ruiz
67%
C'est la première chef des pompiers femme. Elle a fait les Marines Natasha Ross
65%
C'est encore un autre ancien capitaine de la Station 19. Il est alcoolique. Sean Beckett
59%
Aucun quiz correspondant
Distribution des résultats
% des personnes avec chaque résultat
Percentile par nombre de réponses
Votre historique - résultats
Vous n’avez pas pris ce quiz